000 00669nam a2200265Ia 4500
001 20093
005 20240114000501.0
007 ta
008 060218s g b000 u 465 u
020 _cHB
040 _aCotton College,Assam
041 _a465
082 _a820.9
_bT 432 As
100 _aTibble, Anne .
245 0 _aAfrican English Literature /
_cAnne Tibble.
_hTextual Documents
250 _a1st ed. /
260 _aLondon :
_bPeter Owen Ltd. ,
_cnd.
300 _a304p. ;
_c22cm.
504 _aIndex
653 _aEnglish Literature-Criticism
653 _aG-English
942 _2ddc
_cBK
999 _c20075
_d20075